| 000 | 00856nam a22002057a 4500 | ||
|---|---|---|---|
| 999 |
_c18647 _d18647 |
||
| 003 | AR-CdUCM | ||
| 008 | 190514b ||||| |||| 00| 0 spa d | ||
| 040 |
_aMUNICIPALIDAD PROVINCIAL DEL CUSCO _cBIBLIOTECA MUNICIPAL DEL CUSCO |
||
| 082 |
_a609.85 / _bA82 |
||
| 110 |
_aAsociación Cultural Peruano Alemana (Lima) _939356 |
||
| 245 | _aAproximación crítica a la tecnología en el Perú / | ||
| 260 |
_aLima : _bMosca azul, _c1982. |
||
| 300 |
_a 278 páginas ; _c21 cm. |
||
| 505 | _aContenido: Anotaciones sobre el desarrollo tecnológico en el Perú -- Problemas tecnológicos atingentes a ala energía disponible -- La tecnología y los recursos mineros -- La tecnología y los recursos ... | ||
| 650 |
_aTecnología _91571 |
||
| 650 |
_aPerú _935 |
||
| 650 |
_aPolíticas tecnológicas _939357 |
||
| 942 |
_2ddc _cLIBROS |
||
| 945 |
_aacv _d2019-05-14 |
||